000 00196 a2200109 4500
020 _a9789992237953
041 _aspa
100 _aSantillana
245 _aOrtografia
942 _cBK
952 _71
999 _c21433
_d21433